Statystyki dla CZEGO KOBIETY NIE LUBIĄ W WYGLĄDZIE MĘŻCZYZN?

Kliknij tutaj aby rozwiązać quiz!

Ogólne statystyki

  • Ten quiz został rozwiązany 83 razy
  • Średni wynik to 2 z 7

Statystyki odpowiedzi

Odpowiedź% Poprawnych
BRODY
88%
ŻÓŁTYCH ZĘBÓW
22%
ŁYSINY
21%
DUŻEGO BRZUCHA
15%
WŁOSÓW W NOSIE
13%
WŁOSÓW NA PLECACH
9%
BRUDNYCH DŁONI
7%

Rozkład punktacji

Percentyl według liczby udzielonych odpowiedzi

Procent ludzi z każdym wynikiem

Twoja historia wyników

Nie rozwiązałeś tego quizu